[Event "Saratov Region-ch Seniors"]
[Site "Saratov"]
[Date "2017.11.05"]
[Round "5"]
[White "Astapov, Valeriy"]
[Black "Kovaliov, Nikolay"]
[Result "0-1"]
[WhiteElo "1827"]
[BlackElo "2122"]
[PlyCount "54"]
[EventDate "2017.11.01"]
[EventType "swiss"]
[EventRounds "9"]
[EventCountry "RUS"]
[SourceTitle "EXT 2019"]
[Source "ChessBase"]
[SourceDate "2018.10.10"]
[SourceVersion "1"]
[SourceVersionDate "2018.10.10"]
[SourceQuality "1"]

1. Nf3 c5 2. g3 g6 3. e4 Bg7 4. d4 cxd4 5. Nxd4 Qb6 6. c3 Nc6 7. Nb5 Nf6 8. Be3 Qa5 9. f3 0-0 10. b4 Qd8 11. Nd4 d5 12. Nxc6 bxc6 13. e5 Nd7 14. f4 f6 15. exf6 exf6 16. Bg2 Ba6 17. Kf2 f5 18. Re1 Re8 19. Bd4 Bxd4+ 20. cxd4 Qb6 21. Nc3 Rxe1 22. Qxe1 Qxd4+ 23. Qe3 Qxe3+ 24. Kxe3 Bc4 25. b5 Re8+ 26. Kd2 d4 27. bxc6 Nb6 0-1

[Event "Saratov Region-ch Seniors"]
[Site "Saratov"]
[Date "2017.11.04"]
[Round "4"]
[White "Polyakov, Petr"]
[Black "Astapov, Valeriy"]
[Result "1-0"]
[WhiteElo "1674"]
[BlackElo "1827"]
[PlyCount "69"]
[EventDate "2017.11.01"]
[EventType "swiss"]
[EventRounds "9"]
[EventCountry "RUS"]
[SourceTitle "EXT 2019"]
[Source "ChessBase"]
[SourceDate "2018.10.10"]
[SourceVersion "1"]
[SourceVersionDate "2018.10.10"]
[SourceQuality "1"]

1. d4 Nf6 2. d5 b6 3. c4 e6 4. a3 Bc5 5. Nc3 0-0 6. b4 Bd6 7. f3 exd5 8. cxd5 Bb7 9. e4 c6 10. Bc4 Qc7 11. Nge2 Re8 12. Bg5 Be5 13. Rc1 a5 14. Qb3 b5 15. Bd3 a4 16. Qa2 Qb6 17. Bh4 cxd5 18. Bxf6 dxe4 19. Nxe4 Bxf6 20. Rc5 Na6 21. Rxb5 Qe3 22. Qd2 Qxd2+ 23. Kxd2 Bxe4 24. Bxe4 Nc7 25. Rb7 d5 26. Bxh7+ Kxh7 27. Rxc7 Bb2 28. Rb1 Be5 29. Rxf7 Kg6 30. Rd7 Rad8 31. Rxd8 Rxd8 32. f4 Bf6 33. Kd3 d4 34. Rc1 Re8 35. Nxd4 1-0

[Event "Saratov region-ch Seniors"]
[Site "Saratov"]
[Date "2016.11.05"]
[Round "3.4"]
[White "Dmitrieva, Galina Vladimirovna"]
[Black "Astapov, Valeriy"]
[Result "0-1"]
[WhiteElo "1474"]
[BlackElo "1854"]
[PlyCount "48"]
[EventDate "2016.11.04"]
[EventType "swiss"]
[EventRounds "7"]
[EventCountry "RUS"]
[SourceTitle "EXT 2022"]
[Source "ChessBase"]
[SourceDate "2021.10.06"]
[SourceVersion "1"]
[SourceVersionDate "2021.10.06"]
[SourceQuality "1"]

1. d4 Nf6 2. c4 g6 3. Nc3 d5 4. cxd5 Nxd5 5. e4 Nxc3 6. bxc3 Bg7 7. Bc4 c5 8. Ne2 cxd4 9. cxd4 Nc6 10. Be3 Qa5+ 11. Kf1 0-0 12. Rc1 Rd8 13. h4 Ne5 14. Bb3 Ng4 15. Bg5 Qb6 16. Bxe7 Re8 17. Bc5 Qf6 18. d5 Rxe4 19. d6 b6 20. d7 Ba6 21. Rc2 bxc5 22. Qe1 Ne3+ 23. Kg1 Nxc2 24. Bxc2 Rxe2 0-1

[Event "Saratov region-ch Seniors"]
[Site "Saratov"]
[Date "2016.11.04"]
[Round "1.4"]
[White "Zhuravlev, Alexander"]
[Black "Astapov, Valeriy"]
[Result "0-1"]
[WhiteElo "1562"]
[BlackElo "1854"]
[PlyCount "70"]
[EventDate "2016.11.04"]
[EventType "swiss"]
[EventRounds "7"]
[EventCountry "RUS"]
[SourceTitle "EXT 2022"]
[Source "ChessBase"]
[SourceDate "2021.10.06"]
[SourceVersion "1"]
[SourceVersionDate "2021.10.06"]
[SourceQuality "1"]

1. d4 Nf6 2. c4 g6 3. Nc3 Bg7 4. e4 d6 5. f3 Nc6 6. Be3 0-0 7. Qd2 e5 8. d5 Nd4 9. 0-0-0 Re8 10. g4 c5 11. h4 h5 12. gxh5 Nxh5 13. Bh3 Bxh3 14. Rxh3 Bf6 15. Bg5 Bxg5 16. hxg5 a6 17. Nge2 b5 18. Rdh1 Kf8 19. f4 b4 20. f5 bxc3 21. bxc3 Nxe2+ 22. Qxe2 Qxg5+ 23. Kc2 Nf4 24. Rh8+ Ke7 25. Rxe8+ Rxe8 26. Qf2 gxf5 27. Rb1 fxe4 28. Rb7+ Kf8 29. Kb1 Kg7 30. Qh2 Rf8 31. Rb6 Rh8 32. Qf2 Nd3 33. Qf1 Rh2 34. Rxd6 Rb2+ 35. Ka1 Rc2 0-1

[Event "Saratov Regional-ch"]
[Site "Saratov"]
[Date "2015.12.07"]
[Round "3"]
[White "Tatarinov, Andrey"]
[Black "Astapov, Valeriy"]
[Result "0-1"]
[WhiteElo "1886"]
[BlackElo "1887"]
[PlyCount "112"]
[EventDate "2015.12.05"]
[EventType "swiss"]
[EventRounds "9"]
[EventCountry "RUS"]
[SourceTitle "EXT 2017"]
[Source "ChessBase"]
[SourceDate "2016.10.25"]
[SourceVersion "1"]
[SourceVersionDate "2016.10.25"]
[SourceQuality "1"]

1. Nf3 c5 2. c4 Nf6 3. Nc3 d5 4. cxd5 Nxd5 5. e3 Nc6 6. Qc2 a6 7. a3 Nxc3 8. bxc3 g6 9. d4 cxd4 10. cxd4 Bg7 11. Bb2 0-0 12. Be2 Bf5 13. e4 Qa5+ 14. Kf1 Bg4 15. Rd1 Rac8 16. Qb3 Rfd8 17. Qxb7 Bxf3 18. gxf3 Rb8 19. Qxc6 Rxb2 20. d5 Qxa3 21. Qxa6 Qxa6 22. Bxa6 Ra8 23. d6 exd6 24. Rxd6 Be5 25. Rd5 Rxa6 26. Rxe5 Raa2 27. Kg2 Rxf2+ 28. Kg3 Rg2+ 29. Kh3 h5 30. Rd5 Kg7 31. Rdd1 Raf2 32. Rd7 Rg5 33. Kh4 Rgg2 34. Kh3 g5 35. Ra7 Re2 36. Ra4 g4+ 37. fxg4 Rxg4 38. Ra3 Rgxe4 39. Rg1+ Kf6 40. Ra6+ Kf5 41. Ra5+ Re5 42. Rxe5+ Rxe5 43. Kh4 Re2 44. h3 Re3 45. Rg5+ Kf4 46. Rxh5 f5 47. Rg5 Re8 48. Rh5 Rg8 49. Rh7 Kf3 50. Kh5 f4 51. h4 Kg3 52. Ra7 f3 53. Ra3 Rg4 54. Ra7 Rxh4+ 55. Kg5 Rf4 56. Ra3 Rf8 0-1

[Event "Saratov Regional-ch"]
[Site "Saratov"]
[Date "2015.12.06"]
[Round "2"]
[White "Astapov, Valeriy"]
[Black "Kvitka, Roman"]
[Result "0-1"]
[WhiteElo "1887"]
[BlackElo "2139"]
[PlyCount "90"]
[EventDate "2015.12.05"]
[EventType "swiss"]
[EventRounds "9"]
[EventCountry "RUS"]
[SourceTitle "EXT 2017"]
[Source "ChessBase"]
[SourceDate "2016.10.25"]
[SourceVersion "1"]
[SourceVersionDate "2016.10.25"]
[SourceQuality "1"]

1. Nf3 d5 2. d4 Nf6 3. c4 c6 4. cxd5 cxd5 5. Nc3 Nc6 6. g3 Bf5 7. Nh4 Be4 8. f3 Bg6 9. Bg2 Qb6 10. e3 0-0-0 11. Nxg6 hxg6 12. f4 e6 13. a3 Kb8 14. b4 Qc7 15. Nb5 Qd7 16. Nc3 Rc8 17. Bd2 Ne7 18. Qa4 Nf5 19. Qxd7 Nxd7 20. Kf2 Nb6 21. Bf1 Be7 22. Bd3 Nd6 23. h4 Nbc4 24. Ke2 Nf5 25. Bxf5 gxf5 26. Na4 b6 27. Rhc1 Kb7 28. Rc2 f6 29. Nb2 Nd6 30. Rxc8 Kxc8 31. Nd3 Ne4 32. Be1 g5 33. Rc1+ Kb7 34. a4 a6 35. a5 b5 36. Kf3 Bd6 37. Nc5+ Bxc5 38. dxc5 Kc6 39. Rc2 e5 40. hxg5 fxg5 41. fxe5 g4+ 42. Kf4 Rh1 43. Re2 Rf1+ 44. Bf2 Nxf2 45. Kxf5 Nd3+ 0-1

[Event "Saratov-ch"]
[Site "Saratov"]
[Date "2014.03.04"]
[Round "8"]
[White "Dvoryadkin, Maksim"]
[Black "Astapov, Valeriy"]
[Result "0-1"]
[WhiteElo "2026"]
[BlackElo "1857"]
[PlyCount "52"]
[EventDate "2014.02.24"]
[EventType "swiss"]
[EventRounds "9"]
[EventCountry "RUS"]
[SourceTitle "CBM 159 Extra"]
[Source "ChessBase"]
[SourceDate "2014.04.24"]
[SourceVersion "1"]
[SourceVersionDate "2014.04.24"]
[SourceQuality "1"]

1. d4 Nc6 2. c4 Nf6 3. Nc3 d5 4. Nf3 g6 5. cxd5 Nxd5 6. e4 Nxc3 7. bxc3 Bg7 8. Bc4 0-0 9. a4 Bg4 10. h3 Bxf3 11. gxf3 Na5 12. Ba2 c5 13. Be3 cxd4 14. cxd4 Nc6 15. e5 Qa5+ 16. Kf1 Rad8 17. f4 Nxd4 18. Bxd4 Qb4 19. Rb1 Qxd4 20. Qxd4 Rxd4 21. Rxb7 Rxa4 22. Bb3 Rxf4 23. Rxe7 Rb8 24. e6 Kf8 25. Rxa7 Rxb3 26. Kg2 Rxf2+ 0-1

[Event "Saratov-ch"]
[Site "Saratov"]
[Date "2014.03.01"]
[Round "6"]
[White "Protopopova, Anastasiya"]
[Black "Astapov, Valeriy"]
[Result "1-0"]
[WhiteElo "1890"]
[BlackElo "1857"]
[PlyCount "35"]
[EventDate "2014.02.24"]
[EventType "swiss"]
[EventRounds "9"]
[EventCountry "RUS"]
[SourceTitle "CBM 159 Extra"]
[Source "ChessBase"]
[SourceDate "2014.04.24"]
[SourceVersion "1"]
[SourceVersionDate "2014.04.24"]
[SourceQuality "1"]

1. Nf3 c5 2. c4 Nf6 3. Nc3 d5 4. cxd5 Nxd5 5. g3 g6 6. Bg2 Bg7 7. 0-0 0-0 8. d3 Nxc3 9. bxc3 Bxc3 10. Rb1 Nd7 11. Ng5 Rb8 12. Qa4 a6 13. Qh4 Nf6 14. Rb3 Be5 15. Qh6 e6 16. f4 Bd6 17. Bb2 Re8 18. Nxh7 1-0

[Event "Saratov-ch"]
[Site "Saratov"]
[Date "2014.02.28"]
[Round "5"]
[White "Astapov, Valeriy"]
[Black "Karpenko, Artem"]
[Result "1-0"]
[WhiteElo "1857"]
[BlackElo "2067"]
[PlyCount "99"]
[EventDate "2014.02.24"]
[EventType "swiss"]
[EventRounds "9"]
[EventCountry "RUS"]
[SourceTitle "CBM 159 Extra"]
[Source "ChessBase"]
[SourceDate "2014.04.24"]
[SourceVersion "1"]
[SourceVersionDate "2014.04.24"]
[SourceQuality "1"]

1. c4 c6 2. Nf3 d5 3. e3 Nf6 4. Nc3 a6 5. a4 g6 6. d4 Bg7 7. b4 0-0 8. Bb2 dxc4 9. Bxc4 Nd5 10. Qb3 Nb6 11. Bd3 Be6 12. Qc2 Nd5 13. Nxd5 cxd5 14. 0-0 Nc6 15. Ba3 Rc8 16. Qd2 Na7 17. b5 a5 18. Bc5 b6 19. Ba3 f6 20. Rfc1 Qd7 21. Rxc8 Rxc8 22. Rc1 Rxc1+ 23. Qxc1 Qc8 24. Qxc8+ Nxc8 25. Kf1 Kf7 26. Ke2 Bf8 27. Nd2 h5 28. Bc2 h4 29. Bb3 Bh6 30. Nb1 Bf5 31. Bxd5+ e6 32. Ba2 Bxb1 33. Bxb1 g5 34. e4 Bg7 35. Ba2 Bh6 36. Kd3 Bg7 37. g3 hxg3 38. hxg3 Bh6 39. f3 Bg7 40. f4 gxf4 41. gxf4 Bh6 42. f5 Ne7 43. Bxe6+ Ke8 44. d5 Kd8 45. d6 Nc8 46. Kd4 Bf8 47. Kd5 Na7 48. Bb2 Bg7 49. Bd4 Nc8 50. Kc6 1-0

[Event "Saratov Region-ch Seniors"]
[Site "Saratov"]
[Date "2013.11.17"]
[Round "7"]
[White "Astapov, Valeriy"]
[Black "Mashinyan, Mikhail"]
[Result "1-0"]
[WhiteElo "1871"]
[BlackElo "1604"]
[PlyCount "91"]
[EventDate "2013.11.11"]
[EventType "swiss"]
[EventRounds "7"]
[EventCountry "RUS"]
[SourceTitle "EXT 2015"]
[Source "ChessBase"]
[SourceDate "2014.11.20"]
[SourceVersion "1"]
[SourceVersionDate "2014.11.20"]
[SourceQuality "1"]

1. e4 e6 2. d4 d5 3. Nc3 Bb4 4. e5 c5 5. Bb5+ Bd7 6. Bxd7+ Qxd7 7. Nge2 cxd4 8. Nxd4 Ne7 9. 0-0 a6 10. Qg4 Ng6 11. Re1 0-0 12. h4 Qe7 13. Bg5 Qc7 14. Nxe6 fxe6 15. Qxb4 h6 16. Bd2 Nc6 17. Qg4 Qf7 18. f4 Kh7 19. Rf1 Nd4 20. h5 Ne7 21. Qd1 Nec6 22. Be3 Nf5 23. Bc5 Rg8 24. g4 Nfe7 25. Bxe7 Nxe7 26. Qf3 g6 27. Kh2 gxh5 28. gxh5 Nf5 29. Rg1 Nd4 30. Qd3+ Nf5 31. Qh3 Ng7 32. Qd3+ Kh8 33. Qf3 Qxh5+ 34. Qxh5 Nxh5 35. Ne2 Raf8 36. Rxg8+ Kxg8 37. Rg1+ Kh7 38. Rg4 Ng7 39. Nd4 h5 40. Rxg7+ Kxg7 41. Nxe6+ Kf7 42. Nxf8 Kxf8 43. Kg3 Kg7 44. f5 Kh6 45. e6 Kg7 46. Kh4 1-0

[Event "Saratov Region-ch Seniors"]
[Site "Saratov"]
[Date "2013.11.15"]
[Round "5"]
[White "Astapov, Valeriy"]
[Black "Tolkanitsa, Vladimir"]
[Result "1-0"]
[WhiteElo "1871"]
[BlackElo "1725"]
[PlyCount "70"]
[EventDate "2013.11.11"]
[EventType "swiss"]
[EventRounds "7"]
[EventCountry "RUS"]
[SourceTitle "EXT 2015"]
[Source "ChessBase"]
[SourceDate "2014.11.20"]
[SourceVersion "1"]
[SourceVersionDate "2014.11.20"]
[SourceQuality "1"]

1. c4 f5 2. d4 e6 3. Nc3 Nf6 4. Bg5 Be7 5. Nf3 0-0 6. Qd2 d5 7. Ne5 Nc6 8. Nxc6 bxc6 9. e3 Ne4 10. Bxe7 Qxe7 11. Qc2 Ba6 12. c5 Bxf1 13. Rxf1 Nxc3 14. Qxc3 a5 15. 0-0-0 Rfb8 16. f3 Rb4 17. Kb1 Rab8 18. Rd2 Qf8 19. Rff2 a4 20. Qd3 g6 21. Rc2 R4b5 22. g4 Qf6 23. e4 f4 24. e5 Qe7 25. Rg2 Qg5 26. Qf1 Rf8 27. Qf2 a3 28. b3 Rf7 29. h4 Qd8 30. g5 Rg7 31. Rg4 Rf7 32. Qd2 Qf8 33. Qc1 Ra5 34. Rc3 Qb8 35. Rxf4 Rf5 1-0

[Event "Saratov Region-ch Seniors"]
[Site "Saratov"]
[Date "2013.11.13"]
[Round "3"]
[White "Brineva, Elena G"]
[Black "Astapov, Valeriy"]
[Result "0-1"]
[WhiteElo "2072"]
[BlackElo "1871"]
[PlyCount "82"]
[EventDate "2013.11.11"]
[EventType "swiss"]
[EventRounds "7"]
[EventCountry "RUS"]
[SourceTitle "EXT 2015"]
[Source "ChessBase"]
[SourceDate "2014.11.20"]
[SourceVersion "1"]
[SourceVersionDate "2014.11.20"]
[SourceQuality "1"]

1. c4 e5 2. Nc3 Nf6 3. g3 d5 4. cxd5 Nxd5 5. Bg2 Nb6 6. Nf3 Nc6 7. 0-0 Be7 8. d3 0-0 9. h3 Be6 10. Kh2 f6 11. Be3 Nd5 12. Nxd5 Bxd5 13. a3 a5 14. Rc1 b6 15. d4 exd4 16. Nxd4 Nxd4 17. Bxd5+ Qxd5 18. Qxd4 Qxd4 19. Bxd4 c5 20. Bc3 Rad8 21. Rfd1 Kf7 22. Kg2 Ke6 23. e4 Rxd1 24. Rxd1 Rd8 25. Rxd8 Bxd8 26. f4 b5 27. f5+ Kd6 28. b4 cxb4 29. axb4 axb4 30. Bxb4+ Ke5 31. Kf3 Kd4 32. Bf8 g6 33. fxg6 hxg6 34. h4 Ba5 35. g4 b4 36. Bg7 Ke5 37. g5 Bd8 38. Ke3 Ke6 39. Kd3 fxg5 40. hxg5 Bxg5 41. Kc4 Bd2 0-1

[Event "Saratov Region-ch Seniors"]
[Site "Saratov"]
[Date "2013.11.12"]
[Round "2"]
[White "Astapov, Valeriy"]
[Black "Arhangelsky, Vladislav"]
[Result "0-1"]
[WhiteElo "1871"]
[BlackElo "2311"]
[PlyCount "76"]
[EventDate "2013.11.11"]
[EventType "swiss"]
[EventRounds "7"]
[EventCountry "RUS"]
[SourceTitle "EXT 2015"]
[Source "ChessBase"]
[SourceDate "2014.11.20"]
[SourceVersion "1"]
[SourceVersionDate "2014.11.20"]
[SourceQuality "1"]

1. e4 e5 2. Nf3 Nc6 3. Bc4 Be7 4. d4 d6 5. dxe5 dxe5 6. Qxd8+ Bxd8 7. Nc3 Nge7 8. Nd5 f6 9. Be3 Nxd5 10. Bxd5 Be7 11. 0-0-0 Bd7 12. Nd2 0-0-0 13. a3 Kb8 14. Nb3 b6 15. f3 a5 16. Rd2 Na7 17. Bc4 Nc8 18. Rhd1 Nd6 19. Be2 Be6 20. Kb1 Rdf8 21. Nc1 Nc4 22. Bxc4 Bxc4 23. Rd7 Re8 24. R7d2 Be6 25. Ne2 Kb7 26. Nc3 c6 27. Na4 Bd8 28. b3 Bc7 29. Kb2 g5 30. Nc3 h5 31. Ne2 g4 32. Ng3 h4 33. Ne2 h3 34. gxh3 gxf3 35. Ng1 f5 36. exf5 Bxf5 37. Nxf3 Rxh3 38. Rf1 Bg4 0-1

[Event "Saratov Spring Cup"]
[Site "Saratov"]
[Date "2013.03.13"]
[Round "2"]
[White "Astapov, Valeriy"]
[Black "Biryukov, Dmitriy"]
[Result "0-1"]
[WhiteElo "1887"]
[BlackElo "2274"]
[PlyCount "124"]
[EventDate "2013.03.12"]
[EventType "swiss"]
[EventRounds "9"]
[EventCountry "RUS"]
[SourceTitle "CBM 153 Extra"]
[Source "ChessBase"]
[SourceDate "2013.04.22"]
[SourceVersion "1"]
[SourceVersionDate "2013.04.22"]
[SourceQuality "1"]

1. Nf3 d6 2. d4 g6 3. e4 Bg7 4. Bd3 Nf6 5. Bg5 h6 6. Be3 Ng4 7. Bd2 Nc6 8. c3 0-0 9. h3 Nf6 10. g4 d5 11. e5 Ne4 12. Qc2 Nxd2 13. Nbxd2 Rb8 14. 0-0-0 b5 15. b4 a5 16. a3 axb4 17. axb4 Bd7 18. Kb2 Na7 19. Nb3 Nc8 20. Nc5 Nb6 21. Nh4 e6 22. Ng2 Nc4+ 23. Kb3 Bc6 24. f4 Ra8 25. Ra1 Qe7 26. h4 Rfd8 27. f5 gxf5 28. gxf5 exf5 29. Bxf5 Rxa1 30. Rxa1 Ra8 31. Rxa8+ Bxa8 32. Qa2 Nb6 33. Qa6 Bc6 34. Bd3 Bxe5 35. Bxb5 Bxb5 36. Qxb5 Bd6 37. Qf1 Nc4 38. Qe1 Qf6 39. Qe2 Bxc5 40. dxc5 Qa6 41. Nf4 c6 42. Qe8+ Kg7 43. Nh5+ Kg6 44. Nf4+ Kf5 45. Qxf7+ Ke4 46. Qg6+ Kxf4 47. Qxh6+ Kg4 48. Qg5+ Kf3 49. Qf5+ Ke2 50. Qg4+ Kf2 51. Qf5+ Ke3 52. Qg5+ Ke4 53. Qg6+ Ke5 54. Qg5+ Ke4 55. Qg6+ Kf3 56. Qf5+ Kg3 57. Qg5+ Kh3 58. Qf5+ Kg2 59. Qg4+ Kf1 60. Qf5+ Ke1 61. Qe6+ Kd2 62. Qh6+ Kd1 0-1

[Event "Saratov-ch"]
[Site "Saratov"]
[Date "2013.02.28"]
[Round "4"]
[White "Petryakova, Natalia"]
[Black "Astapov, Valeriy"]
[Result "1/2-1/2"]
[WhiteElo "1767"]
[BlackElo "1887"]
[PlyCount "36"]
[EventDate "2013.02.25"]
[EventType "swiss"]
[EventRounds "9"]
[EventCountry "RUS"]
[SourceTitle "CBM 153 Extra"]
[Source "ChessBase"]
[SourceDate "2013.04.22"]
[SourceVersion "1"]
[SourceVersionDate "2013.04.22"]
[SourceQuality "1"]

1. e4 e5 2. Nc3 Nc6 3. g3 Bc5 4. Bg2 Nf6 5. Nge2 d6 6. d3 0-0 7. 0-0 a6 8. h3 Nd4 9. Kh2 c6 10. f4 Nxe2 11. Qxe2 b5 12. a3 a5 13. Qf3 exf4 14. Bxf4 Nd7 15. d4 Bxd4 16. Bxd6 Ne5 17. Bxe5 Bxe5 18. Rad1 Qe7 1/2-1/2

[Event "Saratov-ch"]
[Site "Saratov"]
[Date "2013.02.27"]
[Round "3"]
[White "Astapov, Valeriy"]
[Black "Tolkanitsa, Vladimir"]
[Result "1/2-1/2"]
[WhiteElo "1887"]
[BlackElo "1754"]
[PlyCount "119"]
[EventDate "2013.02.25"]
[EventType "swiss"]
[EventRounds "9"]
[EventCountry "RUS"]
[SourceTitle "CBM 153 Extra"]
[Source "ChessBase"]
[SourceDate "2013.04.22"]
[SourceVersion "1"]
[SourceVersionDate "2013.04.22"]
[SourceQuality "1"]

1. e4 e5 2. Nf3 f5 3. d3 d6 4. Nc3 Nf6 5. g3 c6 6. Bg2 Be7 7. 0-0 0-0 8. Qe2 Na6 9. Re1 fxe4 10. Nxe4 Nxe4 11. dxe4 Nc5 12. Be3 Ne6 13. Rad1 Qc7 14. Qd3 b6 15. h4 h6 16. Kh2 Nc5 17. Bxc5 bxc5 18. Bh3 Bxh3 19. Kxh3 Kh7 20. Kg2 Rf7 21. Ng1 Kh8 22. Re3 Raf8 23. Rf3 Qc8 24. Rxf7 Rxf7 25. Qb3 Rf8 26. f3 Kh7 27. Nh3 Qd7 28. Nf2 Qc7 29. Ng4 Rb8 30. Qc3 Qb6 31. b3 Qb4 32. Qxb4 cxb4 33. Ne3 g6 34. Nc4 Rd8 35. Kf2 Kg7 36. Ke3 Kf7 37. Rd3 Ke6 38. Kd2 Rd7 39. Na5 Rc7 40. Nc4 Rc8 41. Ne3 Rd8 42. c4 bxc3+ 43. Rxc3 Kd7 44. Nc4 Rc8 45. Rd3 Ke6 46. Ne3 h5 47. Ke2 Rc7 48. Rc3 Bd8 49. Ng2 d5 50. exd5+ cxd5 51. Rxc7 Bxc7 52. g4 Bd8 53. gxh5 gxh5 54. Kd3 Be7 55. Kc3 a5 56. Kd3 Kd6 57. Ne3 Ke6 58. Ng2 Kd6 59. Ne3 Ke6 60. Ng2 1/2-1/2

[Event "Saratov-ch"]
[Site "Saratov"]
[Date "2013.02.26"]
[Round "2"]
[White "Astapov, Valeriy"]
[Black "Guliyev, Hasan Ismayil"]
[Result "1/2-1/2"]
[WhiteElo "1887"]
[BlackElo "1714"]
[PlyCount "91"]
[EventDate "2013.02.25"]
[EventType "swiss"]
[EventRounds "9"]
[EventCountry "RUS"]
[SourceTitle "CBM 153 Extra"]
[Source "ChessBase"]
[SourceDate "2013.04.22"]
[SourceVersion "1"]
[SourceVersionDate "2013.04.22"]
[SourceQuality "1"]

1. Nf3 Nf6 2. g3 b6 3. Bg2 Bb7 4. 0-0 e6 5. c4 c5 6. Nc3 Be7 7. Qc2 0-0 8. b3 Nc6 9. Bb2 d5 10. cxd5 exd5 11. Rad1 Nb4 12. Qb1 d4 13. Nb5 a6 14. Na3 Re8 15. Rfe1 Rc8 16. d3 Qc7 17. Rc1 Qb8 18. Nc4 b5 19. Ncd2 Bd6 20. a3 Nbd5 21. b4 cxb4 22. axb4 Nc3 23. Bxc3 dxc3 24. Nf1 Nd5 25. Qb3 Nxb4 26. Rxc3 Bd5 27. Rxc8 Rxc8 28. Qb2 Qc7 29. Ne3 Bxf3 30. Bxf3 Qc3 31. Qb1 a5 32. Nd5 Nxd5 33. Bxd5 Bb4 34. Rd1 a4 35. Qa2 Rc7 36. Rb1 Bc5 37. Rxb5 Qe1+ 38. Kg2 Qxf2+ 39. Kh3 Qf1+ 40. Bg2 Qf5+ 41. g4 Qf6 42. Qxa4 Qh6+ 43. Kg3 Qd6+ 44. Kh3 Qh6+ 45. Kg3 Qd6+ 46. Kh3 1/2-1/2

[Event "Saratov Winter Cup"]
[Site "Saratov"]
[Date "2013.01.18"]
[Round "7"]
[White "Astapov, Valeriy"]
[Black "Gitelson, Arkady"]
[Result "1-0"]
[WhiteElo "1905"]
[BlackElo "1825"]
[PlyCount "69"]
[EventDate "2013.01.12"]
[EventType "swiss"]
[EventRounds "9"]
[EventCountry "RUS"]
[SourceTitle "CBM 152 Extra"]
[Source "ChessBase"]
[SourceDate "2013.02.25"]
[SourceVersion "1"]
[SourceVersionDate "2013.02.25"]
[SourceQuality "1"]

1. e4 c5 2. Nf3 d6 3. c3 Nf6 4. Bc4 e6 5. 0-0 Be7 6. Qe2 0-0 7. Re1 Nc6 8. Bb3 e5 9. d3 Bd7 10. Nbd2 Rb8 11. Nf1 Nh5 12. Bd5 Kh8 13. Bxc6 Bxc6 14. Nxe5 dxe5 15. Qxh5 Qxd3 16. Qxe5 Rbe8 17. Qf5 g6 18. Qe5+ f6 19. Qg3 Bxe4 20. f3 Bc6 21. Bf4 g5 22. Be3 Bd6 23. Qf2 Qf5 24. Rad1 Rd8 25. Rxd6 Rxd6 26. Bxc5 Rfd8 27. Bxd6 Rxd6 28. Qxa7 Rd3 29. Ng3 Qd5 30. Nh5 Qd8 31. h3 Rd2 32. Qe3 Rd5 33. Qe6 Qb6+ 34. Kh1 Qc7 35. Qe8+ 1-0

[Event "Saratov Winter Cup"]
[Site "Saratov"]
[Date "2013.01.14"]
[Round "3"]
[White "Astapov, Valeriy"]
[Black "Tolkanitsa, Vladimir"]
[Result "1/2-1/2"]
[WhiteElo "1905"]
[BlackElo "1795"]
[PlyCount "79"]
[EventDate "2013.01.12"]
[EventType "swiss"]
[EventRounds "9"]
[EventCountry "RUS"]
[SourceTitle "CBM 152 Extra"]
[Source "ChessBase"]
[SourceDate "2013.02.25"]
[SourceVersion "1"]
[SourceVersionDate "2013.02.25"]
[SourceQuality "1"]

1. e4 d6 2. d4 Nf6 3. Nc3 c6 4. Bg5 Qa5 5. Qd2 Nbd7 6. 0-0-0 b5 7. d5 b4 8. Bxf6 Nxf6 9. Nb1 Nxe4 10. Qe1 cxd5 11. f3 Nf6 12. g4 Qc5 13. Nd2 a5 14. Nb3 Qb6 15. g5 a4 16. Nd4 Nd7 17. Bb5 Bb7 18. Qxb4 Kd8 19. a3 Nc5 20. Nge2 e5 21. Bc6 Qxb4 22. axb4 Bxc6 23. Nxc6+ Kc7 24. Nxe5 dxe5 25. bxc5 Kc6 26. Nc3 d4 27. Ne4 Bxc5 28. Nxc5 Kxc5 29. Rhe1 Rhe8 30. Rd3 f5 31. Ra3 e4 32. Kd2 Kc4 33. Rea1 Rab8 34. Rxa4+ Rb4 35. b3+ Kc5 36. Ra7 exf3 37. Rxg7 Re2+ 38. Kd3 Re3+ 39. Kd2 Re2+ 40. Kd3 1/2-1/2

[Event "Saratov Autumn SSEU 4st stage"]
[Site "Saratov"]
[Date "2012.10.18"]
[Round "5.2"]
[White "Dmitriev, Igor"]
[Black "Astapov, Valeriy"]
[Result "1-0"]
[WhiteElo "2340"]
[BlackElo "1905"]
[PlyCount "55"]
[EventDate "2012.10.13"]
[EventType "swiss"]
[EventRounds "5"]
[EventCountry "RUS"]
[SourceTitle "EXT 2022"]
[Source "ChessBase"]
[SourceDate "2021.10.06"]
[SourceVersion "1"]
[SourceVersionDate "2021.10.06"]
[SourceQuality "1"]

1. g3 Nf6 2. Bg2 d5 3. c4 c6 4. Qa4 e5 5. d3 Bc5 6. cxd5 Qb6 7. e3 Qb4+ 8. Nc3 Qxa4 9. Nxa4 Bb4+ 10. Bd2 Bxd2+ 11. Kxd2 cxd5 12. b4 Bd7 13. Nc5 b6 14. Nxd7 Nbxd7 15. Ne2 Ke7 16. f4 e4 17. Nd4 g6 18. h3 h5 19. Rhb1 a6 20. a4 Rhc8 21. a5 b5 22. Rc1 Kd6 23. Rab1 exd3 24. Kxd3 Rc4 25. Rxc4 dxc4+ 26. Ke2 Nd5 27. Bxd5 Kxd5 28. Rd1 1-0

[Event "Saratov Autumn SSEU 4st stage"]
[Site "Saratov"]
[Date "2012.10.16"]
[Round "3.6"]
[White "Sokolov, Denis"]
[Black "Astapov, Valeriy"]
[Result "0-1"]
[WhiteElo "1629"]
[BlackElo "1905"]
[PlyCount "46"]
[EventDate "2012.10.13"]
[EventType "swiss"]
[EventRounds "5"]
[EventCountry "RUS"]
[SourceTitle "EXT 2022"]
[Source "ChessBase"]
[SourceDate "2021.10.06"]
[SourceVersion "1"]
[SourceVersionDate "2021.10.06"]
[SourceQuality "1"]

1. d4 f5 2. c4 Nf6 3. e3 e6 4. Nc3 b6 5. Be2 Bb7 6. Bf3 Nc6 7. d5 Ne5 8. dxe6 Nxf3+ 9. Nxf3 dxe6 10. Qb3 Nd7 11. Qd1 Bb4 12. Bd2 0-0 13. h4 Bxf3 14. gxf3 Ne5 15. b3 Qd3 16. Rc1 Rad8 17. Rh3 f4 18. e4 Rd7 19. a3 Bxa3 20. Rc2 Rfd8 21. Nb1 Bb4 22. Rb2 Bc5 23. Qe2 Bd4 0-1